Confronting power, theorizing gender : Interdisciplinary perspectives in the Caribbean /

Bibliographic Details
Other Authors: Barriteau, Eudine (Editor)
Format: eBook
Language:English
Published: [Place of publication not identified] : University of the West Indies, 2003.
Edition:[1st electronic ed.].
Series:Black women writers series.
Subjects:
Online Access:Connect to the full text of this electronic book

MARC

Tag First Indicator Second Indicator Subfields
LEADER 00000cam a22000003i 4500
001 in00002500413
005 20190327173532.0
006 m||||||||d| ||||||
007 cr |n||||||||a
008 080405s2003 ||||||||s|||||||||||eng|d
035 |a (VaAlASP)ASP1000119329/blww 
040 |a VaAlASP  |d UtOrBLW 
100 1 |a Barriteau, Eudine,  |e editor. 
245 1 0 |a Confronting power, theorizing gender :  |b Interdisciplinary perspectives in the Caribbean /  |c by Eudine Barriteau. 
250 |a [1st electronic ed.]. 
264 1 |a [Place of publication not identified] :  |b University of the West Indies,  |c 2003. 
336 |a text  |b txt  |2 rdacontent 
337 |a computer  |b c  |2 rdamedia 
338 |a online resource  |b cr  |2 rdacarrier 
490 1 |a Black women writers 
500 |a Title from HTML title page (viewed Jun. 16, 2008). 
506 |a Access restricted to subscribers. 
538 |a Mode of access: World Wide Web. 
500 |a Electronic resource. 
655 0 |a Electronic books. 
830 0 |a Black women writers series. 
856 4 0 |z Connect to the full text of this electronic book  |u http://proxy.library.tamu.edu/login?url=http://www.aspresolver.com/aspresolver.asp?BLWW;1000119329  |t 0 
999 |a MARS 
999 f f |s 4e202db8-bef5-3e70-9f44-5983aa9b128d  |i 534d8991-cf75-3f75-a52d-db3ea9867e37  |t 0 
952 f f |a Texas A&M University  |b College Station  |c Electronic Resources  |d Available Online  |t 0  |h No information provided 
998 f f |t 0  |l Available Online